000 00319nam a2200121Ia 4500
008 220217s9999||||xx |||||||||||||| ||und||
082 _a004 SAD
100 _aSadagopan, Sowmyanarayana
245 0 _aIT Technologies and products
260 _aICFAI
_bNew Delhi
_c2006
300 _b225
650 _aCOMPUTER SCIENCE
999 _c174926
_d174926